Realizačný projekt vybraných častí ZTI v polyfunkčnom objekte

Uložené v:
Podrobná bibliografia
Hlavný autor: Holičová, Katarína, 1986- (Autor)
Ďalší autori: Peráčková, Jana, 1961- (Vedúci práce)
Médium: Rukopis Kniha
Jazyk:Slovak
Vydavateľské údaje: Bratislava : STU v Bratislave SvF, 2012
Predmet:
On-line prístup:VAIS
Tagy: Pridať tag
Žiadne tagy, Buďte prvý, kto otaguje tento záznam!

MARC

LEADER 00000ntm a22000003a 4500
001 stu251758
005 20150617230227.6
008 120720s2012----xo------------------slo-d
040 |a STU  |b slo 
041 0 |a slo 
044 |a xo 
100 1 |a Holičová, Katarína,  |d 1986-  |4 aut  |u V180  |U SvF Stavebná fakulta  |T SvF Katedra konštrukcií pozemných stavieb  |X 39238  |U V180  |Y 18  |7 A000039238 
242 0 0 |a Realization project of chosen parts of health-technical installation in the polyfunctional house  |y eng 
245 1 |a Realizačný projekt vybraných častí ZTI v polyfunkčnom objekte 
260 |a Bratislava :  |b STU v Bratislave SvF,  |c 2012 
650 7 |a technické zariadenia budov  |2 stusub 
650 7 |a Building Services  |2 estusub 
650 7 |a polyfunkčný objekt  |2 stusub 
700 1 |a Peráčková, Jana,  |d 1961-  |4 ths  |u V290  |U SvF Stavebná fakulta  |T SvF Katedra technických zariadení budov  |X 2739  |U V290  |Y 31  |7 A000002739 
856 4 |a info a plný text  |u http://is.stuba.sk/zp/portal_zp.pl?podrobnosti=79483  |3 VAIS